<?xml version="1.0" encoding="UTF-8"?><?xml-stylesheet type="text/xsl" href="static/style.xsl"?><OAI-PMH xmlns="http://www.openarchives.org/OAI/2.0/" xmlns:xsi="http://www.w3.org/2001/XMLSchema-instance" xsi:schemaLocation="http://www.openarchives.org/OAI/2.0/ http://www.openarchives.org/OAI/2.0/OAI-PMH.xsd"><responseDate>2026-04-27T21:25:14Z</responseDate><request verb="GetRecord" identifier="oai:uvadoc.uva.es:10324/75792" metadataPrefix="marc">https://uvadoc.uva.es/oai/request</request><GetRecord><record><header><identifier>oai:uvadoc.uva.es:10324/75792</identifier><datestamp>2025-05-23T10:17:53Z</datestamp><setSpec>com_10324_1139</setSpec><setSpec>com_10324_931</setSpec><setSpec>com_10324_894</setSpec><setSpec>col_10324_1231</setSpec></header><metadata><record xmlns="http://www.loc.gov/MARC21/slim" xmlns:doc="http://www.lyncode.com/xoai" xmlns:xsi="http://www.w3.org/2001/XMLSchema-instance" xmlns:dcterms="http://purl.org/dc/terms/" xsi:schemaLocation="http://www.loc.gov/MARC21/slim http://www.loc.gov/standards/marcxml/schema/MARC21slim.xsd">
<leader>00925njm 22002777a 4500</leader>
<datafield tag="042" ind1=" " ind2=" ">
<subfield code="a">dc</subfield>
</datafield>
<datafield tag="720" ind1=" " ind2=" ">
<subfield code="a">Muriel Diéguez, Juan A.</subfield>
<subfield code="e">author</subfield>
</datafield>
<datafield tag="260" ind1=" " ind2=" ">
<subfield code="c">2023</subfield>
</datafield>
<datafield tag="520" ind1=" " ind2=" ">
<subfield code="a">EN EL SIGUIENTE CAPÍTULO ABORADAREMOS EL TÍTULO III SOBRE LAS «OBSERVACIONES Y VIGILANCIAS FÍSICAS Y UTILIZACIÓN DE DISPOSITIVOS DE SEGUIMIENTO, LOCALICACIÓN Y CAPTACIÓN DE IMÁGENES» DEL ANTEPROYECTO DE LEY DE ENJUICIAMIENTO CRIMINAL 2020. ESTE ESTUDIO SE REALIZARÁ COMPARANDO LOS SUPUESTOS EN LA LEGE FERENDA CON RESPECTO DE LOS MISMOS SUPUESTOS EN LA LEGE DATA (LECRIM VIGENTE), ASI COMO LA POSIBILIDAD DE UTILIZAR LAS PRUEBAS OBTENIDAS EN UN PROCESO PENAL DE ÁMBITO INTERNACIONAL.</subfield>
</datafield>
<datafield tag="024" ind2=" " ind1="8">
<subfield code="a">Suárez Xavier, Paulo Ramón, Vicario Pérez, Ana María ( directores). Cooperación Judicial Civil y Penal en la Unión Europea: Retos pendientes y nuevos desafíos ante la transformación digital del proceso. Barcelona: Bosch editores, 2023, pp. 207-229.</subfield>
</datafield>
<datafield tag="024" ind2=" " ind1="8">
<subfield code="a">978-84-19580-90-0</subfield>
</datafield>
<datafield tag="024" ind2=" " ind1="8">
<subfield code="a">https://uvadoc.uva.es/handle/10324/75792</subfield>
</datafield>
<datafield tag="024" ind2=" " ind1="8">
<subfield code="a">207</subfield>
</datafield>
<datafield tag="024" ind2=" " ind1="8">
<subfield code="a">209</subfield>
</datafield>
<datafield tag="024" ind2=" " ind1="8">
<subfield code="a">Cooperación Judicial Civil y Penal en la Unión Europea: Retos pendientes y nuevos desafíos ante la transformación digital del proceso.</subfield>
</datafield>
<datafield ind1=" " ind2=" " tag="653">
<subfield code="a">Ciencias jurídicas</subfield>
</datafield>
<datafield tag="245" ind1="0" ind2="0">
<subfield code="a">La utilización de dispositivos de captación de imágenes en el ALECrim 2020 y su posible uso en procesos penales europeos</subfield>
</datafield>
</record></metadata></record></GetRecord></OAI-PMH>